000 00307nam a2200145Ia 4500
100 _aLal/M/ Khanna/O.P
942 _cBK
654 _afoundry
245 _aFoundry Technology
260 _bDHANPAT RAI AND SONS
_aDelhi
_c1984
082 _a671.2
_bLAL
300 _a584
546 _aENGLISH
999 _c29560
_d29560